Elements by Letter - L - Statistics

General Stats
  • This quiz has been taken 169 times
  • The average score is 4 of 6
Answer Stats
Elements % Correct
Lithium
95%
Lawrencium
74%
Lead
74%
Lanthanum
70%
Lutetium
61%
Livermorium
58%
No matching quizzes found
Score Distribution
Percent of People with Each Score
Percentile by Number Answered
Your Score History
You have not taken this quiz